000 00840cab a2200265 4500
001 ABS59257
008 090401t1998 xxu||||| |||| 00| 0 eng d
035 _a(Sirsi) u88672
041 _aeng
245 _aCost model: Health and fitness centres
260 _c1998
350 _a0
490 _aBuilding
_v268(8055) 11 September 1998, 62-69(8)
520 _aDavis Langdon & Everest examines design and cost issues relating to private-sector health and fitness centres. Includes cost analysis. Tables. Plans.
650 _aBUILT ENVIRONMENT-CONSTRUCTION DESIGN
650 _aCOSTS
650 _aDAVIS LANGDON & EVEREST
650 _aFITNESS CENTRES
650 _aHEALTH CLUBS
650 _aLEISURE CENTRES
650 _aLEISURE SECTOR
690 _aBUILT ENVIRONMENT-BUILDING COSTS
942 _n0
948 _c25/09/1998
999 _c56059
_d56059